| 000 | 00879cam a2200313 i 4500 | ||
|---|---|---|---|
| 001 | 2240 | ||
| 005 | 20231113132411.0 | ||
| 020 | _a9781435148291 | ||
| 020 | _a807728678616 | ||
| 040 |
_aDLC _beng _cDLC _erda |
||
| 050 | 0 | 0 |
_aPZ8.3 _b.H886 2014 |
| 082 | _a398.8 | ||
| 100 | _aAnonymous | ||
| 245 | 0 | 0 |
_aHumpty Dumpty and other rhymes / _cMy Nursery Rhymes |
| 250 | _aThis edition published in 2003 | ||
| 260 |
_aBath : _bParagon, _c2000 |
||
| 300 |
_a24 pages : _billustrations _c21 cm |
||
| 500 | _a"A collection of nursery favorites to share." | ||
| 505 | _aH | ||
| 520 | _acontains nursery rhymes. | ||
| 521 |
_a500 _bLexile estimate |
||
| 521 |
_aH _bRaz-Plus |
||
| 650 | 0 | _aNursery rhymes. | |
| 650 | 0 | _aChildren's poetry. | |
| 650 | 0 | _aBoard books. | |
| 650 | 1 | _aNursery rhymes. | |
| 906 |
_a0 _bibc _corignew _d2 _encip _f20 _gy-gencatlg |
||
| 942 |
_2ddc _cBK _n0 |
||
| 999 |
_c2240 _d2240 |
||